[Event "RusFed Internet Blitz Cup"]
[Site "ChessAssistantClub INT"]
[Date "2004.11.25"]
[Round "11"]
[White "Belov,Vl"]
[Black "Hasangatin,R"]
[Result "1-0"]
[WhiteElo "2552"]
[BlackElo "2474"]

1.e4 d5 2.exd5 Qxd5 3.Nc3 Qd6 4.d4 Nf6 5.Nf3 a6 6.Ne5 Nc6 7.Bf4 Nxd4 8.Nxf7 Qxf4
9.Nxh8 Bf5 10.Bd3 Ng4 11.Qd2 Qxd2+ 12.Kxd2 Nxf2 13.Bxf5 Nxh1 14.Bxh7 Nf2
15.Ke3 Ng4+ 16.Kxd4 O-O-O+ 17.Kc4 e6 18.Nf7 Rd7 19.Ng5 Ne3+ 20.Kb3 c5 21.a3 c4+
22.Ka2 Rd2 23.Nxe6 Be7 24.Re1 Nxg2 25.Re2 Rxe2 26.Nxe2 b5 27.Nxg7 Ne3 28.Nf5 Nxf5
29.Bxf5+ Kc7 30.b3 Kd6 31.bxc4 bxc4 32.a4 Ke5 33.Bc8 a5 34.Ba6 Kd5 35.Kb1 Kc5
36.c3 Bg5 37.Kc2 Bh4 38.h3 Bg5 39.Nd4 Kd5 40.Nf3 Bf6 41.Nd2 Kc5 42.Bxc4 Bg5
43.Ne4+  1-0

[Event "Petrosian Mem Open"]
[Site "Yerevan ARM"]
[Date "2004.11.25"]
[Round "7"]
[White "Akopian,G"]
[Black "Danielian,E"]
[Result "0-1"]
[WhiteElo "2235"]
[BlackElo "2437"]

1.e4 d5 2.exd5 Qxd5 3.Nc3 Qd6 4.Bc4 Nf6 5.d4 a6 6.Bb3 Nc6 7.Nge2 Bf5 8.Bf4 Qd7
9.Qd2 e6 10.a3 O-O-O 11.Rd1 Bd6 12.Bg5 h6 13.Bxf6 gxf6 14.Ba2 Rhg8 15.d5 Ne5
16.Ng3 Bg4 17.Nce2 exd5 18.Bxd5 c6 19.Bb3 Qe7 20.Qe3 Bc5 21.Rxd8+ Rxd8 22.Qe4 f5
23.Qf4 Ng6 24.Qc4 f4 25.Ne4 Bxe2 26.Qxe2 Re8 27.Qg4+ Kb8 28.f3 Be3 29.Ke2 Qe5
30.Qd7 Re7 31.Qd8+ Ka7 32.g4 Bb6 33.Qd2 Qxb2 34.a4 a5 35.h4 Ne5 36.Rd1 Nxg4
37.Qxf4 Nf6 38.Kf1 Nxe4 39.fxe4 Qg7 40.Qf3 f5 41.Qg2 Qe5 42.Ke1 Qc3+ 43.Kf1 Rxe4
44.h5 Rf4+ 45.Ke2 Qe3+  0-1

[Event "17th Belgrade Trophy"]
[Site "Obrenovac SCG"]
[Date "2004.11.26"]
[Round "5"]
[White "Nestorovic,DN"]
[Black "Milanovic,Da"]
[Result "1-0"]
[WhiteElo "2239"]
[BlackElo "2434"]

1.e4 d5 2.exd5 Qxd5 3.Nc3 Qd6 4.d4 Nf6 5.g3 Bg4 6.Nf3 c6 7.Bg2 e6 8.O-O Be7
9.Bf4 Qd8 10.Ne2 O-O 11.c4 Nbd7 12.h3 Bh5 13.Nc3 Qb6 14.b3 Qa5 15.Bd2 Bb4
16.Qe1 Qa3 17.Qe3 Rad8 18.Bc1 Qa5 19.Bb2 Ba3 20.Qc1 Bxb2 21.Qxb2 Nb6 22.Ne2 Qb4
23.Rac1 a5 24.a3 Qe7 25.Nf4 Bxf3 26.Bxf3 Rd7 27.Rfd1 Rfd8 28.b4 axb4 29.axb4 e5
30.dxe5 Rxd1+ 31.Bxd1 Nxc4 32.Rxc4 Rxd1+ 33.Kg2 Nd5 34.Ne2 Qe6 35.Qc2 Ra1
36.b5 Ne7 37.Rc5 b6 38.Nd4 Qc8 39.Nxc6 Qa8 40.Rc3 g6 41.Qe4 Kg7 42.e6 f6
43.Rd3  1-0

[Event "Petrosian Mem Open"]
[Site "Yerevan ARM"]
[Date "2004.11.27"]
[Round "9"]
[White "Mamikonian,T"]
[Black "Danielian,E"]
[Result "0-1"]
[WhiteElo "2296"]
[BlackElo "2437"]

1.e4 d5 2.exd5 Qxd5 3.Nc3 Qd6 4.Nf3 Nf6 5.d4 a6 6.g3 Bg4 7.Bg2 Nc6 8.O-O O-O-O
9.Be3 e5 10.dxe5 Nxe5 11.Qxd6 Nxf3+ 12.Bxf3 Bxd6 13.Bg2 Bf5 14.Rfc1 Ng4 15.Ba7 b6
16.Na4 Bd7 17.Nxb6+ cxb6 18.Bxb6 Bc7 19.Bc5 Rhe8 20.a4 Ne5 21.b4 Bc6 22.Bxc6 Nxc6
23.c4 Ne5 24.Rd1 Nxc4 25.f4 Re2 26.a5 Rc2 27.Bd4 Nd2 28.h4 Nf3+ 29.Kf1 Nxd4  0-1

[Event "ch-GRE"]
[Site "Athens GRE"]
[Date "2004.12.04"]
[Round "1"]
[White "Skembris,S"]
[Black "Nikolaidis,I"]
[Result "1/2-1/2"]
[WhiteElo "2446"]
[BlackElo "2527"]

1.e4 d5 2.exd5 Qxd5 3.Nc3 Qd6 4.d4 Nf6 5.Nf3 c6 6.Ne5 Nbd7 7.Nc4 Qc7 8.Qf3 Nb6
9.Bf4 Qd8 10.Be5 Bg4 11.Qg3 h5 12.h3 h4 13.Qf4 Be6 14.Ne3 Nbd5 15.Nexd5 Nxd5
16.Qd2 Bf5 17.Bc4 e6 18.Nxd5 exd5 19.Bd3 Bxd3 20.Qxd3 f6 21.Qg6+ Ke7 22.Bf4 Qe8
23.Qd3 Kf7+ 24.Kd2 Qe4 25.Qxe4 dxe4 26.Rae1 g5 27.Bh2 f5 28.f3 exf3 29.gxf3 Bg7
30.Be5 Rae8 31.Bxg7 Kxg7 32.Rxe8 Rxe8 33.c4 Kf6 34.Rg1 a5 35.a4 Re7 36.Rg2 Re8
37.Re2 Rg8 38.Rf2 Ra8 39.Kd3 Rd8 40.Rg2 Rg8 41.Rf2 Re8  1/2-1/2

[Event "XII It"]
[Site "Solin-Split CRO"]
[Date "2004.12.04"]
[Round "2"]
[White "Brkic,A"]
[Black "Kurajica,B"]
[Result "0-1"]
[WhiteElo "2454"]
[BlackElo "2541"]

1.e4 d5 2.exd5 Qxd5 3.Nc3 Qd6 4.d4 Nf6 5.Nf3 a6 6.g3 Bg4 7.h3 Bxf3 8.Qxf3 c6
9.Be3 e6 10.O-O-O Qc7 11.Kb1 Nbd7 12.g4 b5 13.g5 Nd5 14.Ne4 N7b6 15.h4 O-O-O
16.Bc1 Kb8 17.h5 Ka7 18.Bh3 h6 19.gxh6 gxh6 20.Rhg1 Rd7 21.Nc5 Bxc5 22.dxc5 Na4
23.Be3 Rhd8 24.Bd2 Nf4 25.Bc1 Nd5 26.Rd4 Qa5 27.Rgd1 Ndc3+ 28.bxc3 Rxd4 29.Rxd4 Rxd4
30.cxd4 Nc3+  0-1

[Event "ch-GRE w"]
[Site "Athens GRE"]
[Date "2004.12.05"]
[Round "2"]
[White "Stefanidi,M"]
[Black "Papadopoulou,V"]
[Result "1-0"]
[WhiteElo "2092"]
[BlackElo "2227"]

1.e4 d5 2.exd5 Qxd5 3.Nc3 Qd6 4.d4 Nf6 5.Nf3 c6 6.h3 Bf5 7.Bd3 Bxd3 8.Qxd3 Nbd7
9.O-O e6 10.Ne4 Nxe4 11.Qxe4 Nf6 12.Qe2 Be7 13.c4 O-O 14.Bd2 c5 15.dxc5 Qxc5
16.b4 Qf5 17.Rfe1 Rfd8 18.Rac1 h6 19.Bc3 Rac8 20.Nd4 Qh5 21.Qxh5 Nxh5 22.c5 Nf4
23.Rcd1 Bf6 24.Ba1 a6 25.a3 Rd5 26.Nc2 Bxa1 27.Rxa1 Rg5 28.g3 Nxh3+ 29.Kf1 Rd5
30.Ne3 Rd2 31.Re2 Rcd8 32.Nc4 Rd1+ 33.Rxd1 Rxd1+ 34.Kg2 Ng5 35.Nd6 e5 36.Rxe5 Ne6
37.Nxb7 Rd3 38.Rxe6 fxe6 39.c6  1-0

[Event "Extraliga CZE 2004-5"]
[Site "Czech Rep CZE"]
[Date "2004.12.05"]
[Round "4"]
[White "Jansa,Vl"]
[Black "Nedela,V"]
[Result "0-1"]
[WhiteElo "2507"]
[BlackElo "2374"]

1.e4 d5 2.exd5 Qxd5 3.Nc3 Qd6 4.d4 c6 5.Bg5 Nf6 6.Qd2 Nbd7 7.Nf3 Nb6 8.Ne5 Be6
9.O-O-O h6 10.Bf4 Qb4 11.a3 Qa5 12.Qe1 O-O-O 13.Bd2 Rg8 14.Nb5 Qa4 15.b3 Bxb3
16.cxb3 Qxb3 17.Nxa7+ Kb8 18.Qe3 Qa2 19.Naxc6+ bxc6 20.Bb4 Nfd5 21.Qd2 Qa1+
22.Kc2 Qa2+ 23.Kc1 Qa1+ 24.Kc2 Qa2+ 25.Kd3 Qb3+ 26.Ke2 Kb7 27.g3 e6 28.Qd3 Qxd3+
29.Nxd3 Bxb4 30.axb4 Nc3+ 31.Kd2 Nxd1 32.Kxd1 Rxd4 33.Kc2 Ra8 34.Nc5+ Kc7
35.Na6+ Kd6 36.Be2 Nd5 37.Kb3 Nxb4 38.Kc3 c5 39.Nxb4 Rxb4 40.Rd1+  0-1

[Event "FSIM December"]
[Site "Budapest HUN"]
[Date "2004.12.08"]
[Round "5"]
[White "Zaragatski,I"]
[Black "Brustkern,J"]
[Result "0-1"]
[WhiteElo "2334"]
[BlackElo "2236"]

1.e4 d5 2.exd5 Qxd5 3.Nc3 Qd6 4.d4 Nf6 5.Nf3 a6 6.g3 b5 7.Bg2 Bb7 8.Bf4 Qb6
9.a4 b4 10.a5 Qe6+ 11.Ne2 Qc8 12.O-O e6 13.c4 bxc3 14.Nxc3 Bd6 15.Bxd6 cxd6
16.Rc1 Qd8 17.Qb3 Bc6 18.Na4 O-O 19.Nb6 Ra7 20.Rc2 Re7 21.Rfc1 Bb7 22.Ne1 Nd5
23.Bxd5 exd5 24.Ng2 Nd7 25.Ne3 Nf6 26.Nf5 Re6 27.Kg2 Ne8 28.Ne3 h5 29.Qa4 f5
30.Qd7 Qxd7 31.Nxd7 Rf7 32.Nb6 f4 33.Nf1 g5 34.h3 Ree7 35.b4 Nc7 36.gxf4 gxf4
37.Nd2 f3+ 38.Nxf3 Ne6 39.Rg1 Kh8 40.Rd2 Rf4 41.Rd3 Bc6 42.Kh2 Ref7 43.Rg3 h4
44.Rg6 Nf8 45.Rxd6 Bb5 46.Nxd5 Bxd3 47.Nxf4 Rxf4 48.Ne5 Rxf2+ 49.Kg1 Rf1+
50.Kg2 Bb5 51.Rh6+ Kg7 52.Rxh4 Ne6 53.Rg4+ Kf6 54.Nd7+ Kf5 55.Nc5 Nf4+ 56.Kg3 Be2
57.Rh4 Rf3+ 58.Kh2 Rf2+ 59.Kg1 Rg2+ 60.Kh1 Bf3 61.Rxf4+ Kxf4 62.Nd3+ Kg3  0-1

[Event "ch-GRE"]
[Site "Athens GRE"]
[Date "2004.12.09"]
[Round "6"]
[White "Mastrovasilis,D"]
[Black "Nikolaidis,I"]
[Result "1/2-1/2"]
[WhiteElo "2574"]
[BlackElo "2527"]

1.e4 d5 2.exd5 Qxd5 3.Nc3 Qd6 4.d4 Nf6 5.Nf3 a6 6.Be3 Nc6 7.Qd2 Bg4 8.Ng5 Bf5
9.f3 e6 10.O-O-O Qd7 11.Nge4 Nd5 12.Nxd5 exd5 13.Ng3 Bg6 14.Bd3  1/2-1/2

[Event "ch-GRE w"]
[Site "Athens GRE"]
[Date "2004.12.09"]
[Round "6"]
[White "Makropoulou,M"]
[Black "Papadopoulou,V"]
[Result "1-0"]
[WhiteElo "2270"]
[BlackElo "2227"]

1.e4 d5 2.exd5 Qxd5 3.Nc3 Qd6 4.d4 Nf6 5.Bc4 Bg4 6.f3 Bf5 7.Nge2 Nbd7 8.Bf4 Qb4
9.Bb3 O-O-O 10.a3 Qb6 11.Na4 Qa6 12.Qc1 h6 13.c4 g5 14.Be3 Bd3 15.Ng3 e5
16.d5 e4 17.fxe4 Nxe4 18.Nxe4 Bxe4 19.O-O f5 20.Qc3 Rg8 21.Rad1 f4 22.Bd4 Kb8
23.Rfe1 Bf5 24.c5 b5 25.c6 bxa4 26.Bc4  1-0

[Event "Asian U14"]
[Site "Singapore SIN"]
[Date "2004.12.12"]
[Round "2"]
[White "Apurva,A"]
[Black "Datu,I"]
[Result "0-1"]
[WhiteElo "1886"]
[BlackElo "2457"]

1.e4 d5 2.exd5 Qxd5 3.Nc3 Qd6 4.d4 Nf6 5.Nf3 c6 6.Be2 Bg4 7.Be3 Nbd7 8.Qd2 e6
9.O-O Qc7 10.Bf4 Bd6 11.Bxd6 Qxd6 12.Rfe1 O-O 13.a3 Rfd8 14.Rad1 b5 15.Qe3 Nb6
16.Ne5 Bf5 17.Bd3 Nfd5 18.Nxd5 Nxd5 19.Qf3 f6 20.Bxf5 exf5 21.Nd3 g6 22.Re2 Re8
23.Rde1 Kf7 24.c3 a5 25.g3 Rab8 26.Nc5 Nc7 27.Qd3 Qd5 28.Qc2 Rxe2 29.Rxe2 Re8
30.Rxe8 Kxe8 31.Qe2+ Kf7 32.Qe3 g5 33.h4 h6 34.Qe2 Ne6 35.Nxe6 Qxe6 36.Qxe6+ Kxe6
37.Kf1 Kd5 38.Ke2 Kc4 39.Kd2 Kb3 40.Kc1 f4 41.Kb1 f5 42.h5  0-1

[Event "Master Open"]
[Site "Singapore SIN"]
[Date "2004.12.13"]
[Round "4"]
[White "Goh Weiming"]
[Black "Yeo Min Yang,E"]
[Result "1-0"]
[WhiteElo "2353"]
[BlackElo "2245"]

1.e4 d5 2.exd5 Qxd5 3.Nc3 Qd6 4.d4 Nf6 5.Nf3 a6 6.Bd3 Bg4 7.O-O e6 8.Ne4 Nxe4
9.Bxe4 c6 10.c3 Nd7 11.h3 Bh5 12.Re1 Nf6 13.Bd3 Be7 14.a4 a5 15.Re5 O-O 16.Bg5 Bg6
17.Bxg6 hxg6 18.Qb3 Qc7 19.Rae1 Bd6 20.R5e2 Nd5 21.c4 Nf6 22.c5 Be7 23.Ne5 Bd8
24.Nc4 Be7 25.Bh4 Nd5 26.Bg3 Qc8 27.Qf3 Rd8 28.h4 Bf6 29.Re4 Rd7 30.Be5 Qd8
31.h5 g5 32.Qg3 Kh7 33.Rg4 Qh8 34.Bd6 Kg8 35.Ne5 Rdd8 36.Qb3 Qxh5 37.Rg3 Nf4
38.Qxb7 Bxe5 39.Bxe5 Rdc8 40.Qb3 Nd5 41.Bd6 Re8 42.Qb7 Rac8 43.Qa6 Qh4 44.Qd3 Nf4
45.Qe4 f5 46.Qe3 Qh6 47.Qd2 Ra8 48.Rb3 Nd5 49.Re5 Kh7 50.Rh3  1-0

[Event "Open"]
[Site "Zadar CRO"]
[Date "2004.12.13"]
[Round "1"]
[White "Prlac,V"]
[Black "Dizdarevic,E"]
[Result "1-0"]
[WhiteElo "2143"]
[BlackElo "2538"]

1.e4 d5 2.exd5 Qxd5 3.Nc3 Qd8 4.Nf3 Nf6 5.d4 c6 6.Bc4 b5 7.Bb3 e6 8.O-O Be7
9.Ne2 O-O 10.c3 Nbd7 11.Nf4 Nd5 12.Nd3 Bb7 13.Bxd5 cxd5 14.Nfe5 Nxe5 15.Nxe5 a5
16.Re1 b4 17.Qg4 f5 18.Qe2 Ba6 19.Qh5 Bb5 20.Nf3 Be8 21.Qh3 Ra6 22.Bd2 h6
23.Ne5 Kh7 24.g4 bxc3 25.bxc3 fxg4 26.Qd3+ Rf5 27.Qxa6 Bd6 28.Qd3 Kg8 29.Re3 Qh4
30.Rg3 Bxe5 31.dxe5 Bg6 32.Qd4 Rh5 33.Qxg4 Qxh2+ 34.Kf1 Rf5 35.Be3  1-0

[Event "Master Open"]
[Site "Singapore SIN"]
[Date "2004.12.14"]
[Round "6"]
[White "Petrenko,S"]
[Black "Yeo Min Yang,E"]
[Result "1-0"]
[WhiteElo "2323"]
[BlackElo "2245"]

1.e4 d5 2.exd5 Qxd5 3.Nc3 Qd6 4.g3 Nf6 5.Bg2 c6 6.d4 Bg4 7.Nge2 e6 8.O-O Be7
9.f3 Bf5 10.Ne4 Qd8 11.c4 O-O 12.b3 Nbd7 13.Bb2 Qc7 14.Kh1 Rad8 15.Qe1 e5
16.Rd1 Bxe4 17.fxe4 Ng4 18.Qc3 exd4 19.Nxd4 Bf6 20.Qf3 Nge5 21.Qe2 g6 22.b4 Bg7
23.c5 b6 24.Nb3 bxc5 25.bxc5 Rfe8 26.Bc3 Rb8 27.Ba5 Qb7 28.Bh3 Nf6 29.Rd6 Qe7
30.Nd4 Rb7 31.Nxc6 Nxc6 32.Rxc6 Nxe4 33.Qc4 Qg5 34.Bc7 Re7 35.Bf4 Qh5 36.Rc8+ Bf8
37.Bg2 Rb2 38.Bd6 Rxg2 39.Rxf8+  1-0

[Event "Asian U14"]
[Site "Singapore SIN"]
[Date "2004.12.14"]
[Round "6"]
[White "Marwan,A"]
[Black "Datu,I"]
[Result "1-0"]
[WhiteElo "1985"]
[BlackElo "2457"]

1.e4 d5 2.exd5 Qxd5 3.Nc3 Qd6 4.g3 Nf6 5.Bg2 a6 6.Nge2 Nc6 7.h3 e5 8.O-O Be7
9.d3 O-O 10.Kh2 Be6 11.f4 exf4 12.Bxf4 Qd7 13.Qd2 Bc5 14.Bg5 Nd5 15.Ne4 Be7
16.Bxe7 Qxe7 17.Ng5 h6 18.Nxe6 Qxe6 19.Nf4 Nxf4 20.Rxf4 Rae8 21.Raf1 Re7
22.c4 Qd7 23.Bd5 Nd8 24.R1f2 c6 25.Bg2 Ne6 26.Rg4 Kh8 27.Be4 Rd8 28.Rh4 Nf8
29.Rf6 Re6 30.Rxe6 Qxe6 31.Qa5 Re8 32.Rf4 Ng6 33.Rf2 Ne5 34.b3 g6 35.Qc3 Kg8
36.Bg2 Nd7 37.d4 Qd6 38.d5 Ne5 39.c5 Qe7 40.d6 Qe6 41.Qd2 Kg7 42.Qd4 f6 43.Rf4 Rd8
44.Re4 Rd7 45.Qa4 Qf5 46.Qd4 Qe6 47.Qb2 Rd8 48.Qe2 Rd7 49.h4 Qd5 50.Rc4 Qd3
51.Qxd3 Nxd3 52.Rc3 Ne5 53.Bh3 f5 54.h5 Ng4+ 55.Bxg4 fxg4 56.hxg6 Kxg6 57.Re3 Kf6
58.Re4 h5 59.Kg2 Rh7 60.b4 Rd7 61.a4 Rh7 62.Re8 Kg6 63.Re6+ Kf5 64.Re7  1-0

[Event "Open"]
[Site "Zadar CRO"]
[Date "2004.12.14"]
[Round "2"]
[White "Krstic,U"]
[Black "Kurajica,B"]
[Result "0-1"]
[WhiteElo "2360"]
[BlackElo "2541"]

1.e4 d5 2.exd5 Qxd5 3.Nc3 Qd6 4.Nf3 Nf6 5.h3 g6 6.d4 Bg7 7.Bd3 O-O 8.O-O Nc6
9.Nb5 Qd8 10.c3 a6 11.Na3 b5 12.Nc2 Nd5 13.a4 b4 14.c4 b3 15.Nce1 Ndb4 16.Be4 Rb8
17.Be3 Na5 18.Qe2 Qd6 19.Rd1 Bd7 20.Bg5 Qe6 21.d5 Qd6 22.Be3 Bxa4 23.Ra1 Qd7
24.Bc5 Na2 25.Bd3 c6 26.Qxe7 Rfd8 27.Qxd7 Rxd7 28.Ba3 cxd5 29.cxd5 Bb5 30.d6 Nc4
31.Rd1 Nxa3 32.bxa3 Rxd6  0-1

[Event "Open"]
[Site "Zadar CRO"]
[Date "2004.12.15"]
[Round "4"]
[White "Radulski,J"]
[Black "Kurajica,B"]
[Result "0-1"]
[WhiteElo "2501"]
[BlackElo "2541"]

1.e4 d5 2.exd5 Qxd5 3.Nc3 Qd6 4.d4 g6 5.Nf3 Bg7 6.Nb5 Qd8 7.Bf4 Na6 8.Be5 Nf6
9.Nc3 Nb8 10.Bc4 O-O 11.Qe2 a6 12.O-O-O b5 13.Bb3 Nc6 14.Rhe1 Na5 15.Ne4 Bb7
16.Nc5 Nxb3+ 17.axb3 Qc8 18.Kb1 b4 19.d5 Rd8 20.Bxf6 exf6 21.Qc4 Bf8 22.Nxb7 Qxb7
23.g4 a5 24.g5 a4 25.gxf6 axb3 26.cxb3 Ra5 27.Re7 Qc8 28.Qe4 Bxe7 29.fxe7 Re8
30.Nd4 Qa6 31.Kc2 Rc5+ 32.Kb1 Qd6  0-1

[Event "It"]
[Site "Subotica SCG"]
[Date "2004.12.16"]
[Round "9"]
[White "Nadj Hedjesi,B"]
[Black "Mrkonjic,N"]
[Result "1-0"]
[WhiteElo "2337"]
[BlackElo "2354"]

1.e4 d5 2.exd5 Qxd5 3.Nc3 Qd8 4.d4 Nf6 5.Bc4 e6 6.Nf3 Be7 7.O-O O-O 8.Qe2 c6
9.Bg5 Nbd7 10.Rad1 Nb6 11.Bd3 Nbd5 12.Ne4 Nxe4 13.Qxe4 g6 14.Bh6 Re8 15.c4 Nf6
16.Qe2 Qa5 17.b3 Bf8 18.Bd2 Qc7 19.Ne5 Nd7 20.Bf4 Nxe5 21.Bxe5 Qd8 22.Qf3 Bg7
23.Be4 Bd7 24.Qc3 Bf8 25.Qg3 Qe7 26.h4 Red8 27.h5 Be8 28.hxg6 hxg6 29.Rd3 Bg7
30.Rf3 f6 31.Qh4 g5 32.Qh7+ Kf8 33.Bxf6 Bxf6 34.Qh8+ Kf7 35.Qh6 Rxd4 36.Qg6+ Kf8
37.Rxf6+ Bf7 38.Qh6+ Ke8 39.Qh8+ Qf8 40.Rxe6+ Bxe6 41.Qxd4 Kf7 42.Re1 Qh6
43.Qe5 Rh8 44.Bg6+ Kxg6 45.Qxe6+  1-0

[Event "Open"]
[Site "Zadar CRO"]
[Date "2004.12.16"]
[Round "6"]
[White "Kovacevic,A"]
[Black "Kurajica,B"]
[Result "0-1"]
[WhiteElo "2556"]
[BlackElo "2541"]

1.e4 d5 2.exd5 Qxd5 3.Nc3 Qd6 4.d4 g6 5.Nf3 Bg7 6.Nb5 Qd8 7.Bf4 Na6 8.Be2 c6
9.Na3 Nf6 10.O-O Nc7 11.Nc4 O-O 12.h3 Ncd5 13.Bh2 Bh6 14.Re1 Be6 15.Bf1 c5
16.dxc5 Rc8 17.Nd4 Bd7 18.Nb3 Be6 19.c3 Nd7 20.c6 bxc6 21.Nd4 Nc5 22.Nxe6 Nxe6
23.Qa4 Qe8 24.Qxa7 Ra8  0-1

[Event "Open"]
[Site "Zadar CRO"]
[Date "2004.12.19"]
[Round "9"]
[White "Turbuk,V"]
[Black "Plenkovic,Z"]
[Result "1/2-1/2"]
[WhiteElo "2113"]
[BlackElo "2240"]

1.e4 d5 2.exd5 Qxd5 3.Nc3 Qd6 4.d4 Nf6 5.Bd3 a6 6.Nge2 b5 7.Ne4 Qb6 8.Nxf6+ gxf6
9.Be3 Bb7 10.Rg1 Nd7 11.Ng3 Bd5 12.Qh5 Qb7 13.f3 e6 14.Be4 f5 15.Bd3 c5 16.c3 Bd6
17.Ne2 c4 18.Bc2 Qc7 19.Rh1 Nf8 20.Bg5 Rg8 21.Kf2 Ng6 22.Bf6 Be7 23.Bxe7 Qxe7
24.h4 O-O-O 25.b4 Qc7 26.Qh6 Ne7 27.Qf4 Bc6 28.a4 Nd5 29.Qxc7+ Kxc7 30.axb5 axb5
31.Ra7+ Bb7 32.Ra5 Kb6 33.Rha1 Rg7 34.g3 Rdg8 35.Rg1 h5 36.Raa1 Nf6 37.Nf4 Rd8
38.Rae1 Ra8 39.Ra1 Rgg8 40.Rgd1 Rh8 41.Re1 Bd5 42.Ke3 Kc6 43.Ne2 Kd6 44.Nf4 Bb7
45.Red1 Rhg8 46.Kf2 Rgd8 47.Ke3 Ke7 48.Ra5 Rxa5 49.bxa5 Ra8 50.Ra1 Kd6 51.Bd1 Ba6
52.Be2 Rh8 53.Rb1 Nd7 54.Nh3 f6 55.Bf1 Nb8 56.Bxc4 bxc4 57.Rb6+ Kc7 58.Rxe6 Bc8
59.Rxf6 Nc6 60.Nf4 Nxa5 61.Nd5+ Kb7 62.Kf4 Nc6 63.Ne3 Kc7 64.Nxc4 Ne7 65.Ne3 Rg8
66.Rf7 Kd6 67.Rf6+ Kc7 68.Rh6 Ng6+ 69.Kg5 Ne5+ 70.Kxh5 Nxf3 71.Nd5+ Kb7 72.Rh7+ Kb8
73.Ne7 Rxg3 74.Rh8 Rg4 75.Rxc8+ Kb7 76.Nxf5 Rg1 77.Rc5 Nd2 78.Kh6 Ne4 79.Rc4 Nf6
80.Nd6+ Kb6 81.Nc8+ Kb7 82.Nd6+ Kb6 83.Rc5 Ng8+  1/2-1/2

[Event "13th Donau Open"]
[Site "Aschach AUT"]
[Date "2004.12.27"]
[Round "2"]
[White "Schnider,G"]
[Black "Djurkovic,M"]
[Result "1-0"]
[WhiteElo "2292"]
[BlackElo "2150"]

1.e4 d5 2.exd5 Qxd5 3.Nc3 Qd6 4.d4 Nf6 5.Nf3 a6 6.Bg5 Bg4 7.Be2 Nbd7 8.Qd2 e5
9.Nxe5 Nxe5 10.Qe3 Bxe2 11.dxe5 Qb6 12.Qxe2 Nd7 13.O-O-O h6 14.Bh4 g5 15.Nd5 Qc6
16.Nf6+ Nxf6 17.exf6+ Qe6 18.Qf3 Qxa2 19.Qe4+ Qe6 20.Qxb7 Rd8 21.Rhe1 gxh4
22.Qc6+  1-0

[Event "Open A"]
[Site "Krakow POL"]
[Date "2004.12.27"]
[Round "1"]
[White "Klykow,L"]
[Black "Krysztofiak,M"]
[Result "0-1"]
[WhiteElo "2160"]
[BlackElo "2410"]

1.e4 d5 2.exd5 Qxd5 3.Nc3 Qd6 4.d4 Nf6 5.Nf3 a6 6.Ne5 Nc6 7.Bf4 Be6 8.Qd2 Qxd4
9.Nxc6 Qxd2+ 10.Kxd2 bxc6 11.Bxc7 g6 12.Bd3 Bh6+ 13.Ke2 O-O 14.Rhe1 Rfc8
15.Bg3 Nh5 16.Na4 Nxg3+ 17.hxg3 Rd8 18.Nc5 Bc8 19.Be4 Rd6 20.Rad1 Rb8 21.b3 Rb5
22.Na4 Re5 23.Rxd6 exd6 24.Kd1 d5 25.Bd3 Rxe1+ 26.Kxe1 a5 27.c3 Bf8 28.Ke2 Bd6
29.Ke3 Kf8 30.Kd4 Ke8 31.Nc5 Bf8 32.Na4 Kd8 33.c4 Kc7 34.cxd5 cxd5 35.Kxd5 Bb7+
36.Kc4 Bxg2 37.Kb5 Bb4 38.Nc5 Bc6+ 39.Kc4 Be1 40.Ne4 f5 41.Ng5 Bxf2 42.Nxh7 Bxg3
43.b4 axb4 44.Kxb4 Bh4 45.Kc4 Kd6 46.Nf8 Be8 47.a4 Ke7 48.Nxg6+ Bxg6 49.a5 Ke6
50.Kc5 Bf2+ 51.Kc6 Bh5 52.Kb7 Bf3+ 53.Kb8 Be4 54.Bf1 Kd7 55.Bb5+ Bc6 56.Bd3 Bg3+
57.Ka7 Be4  0-1

[Event "2nd Open"]
[Site "Riva del Garda ITA"]
[Date "2004.12.27"]
[Round "3"]
[White "Braghetta,S"]
[Black "Dallaglio,G"]
[Result "1-0"]
[WhiteElo "2268"]
[BlackElo "2051"]

1.e4 d5 2.exd5 Qxd5 3.Nc3 Qd6 4.Bc4 Nf6 5.d3 a6 6.f4 Nc6 7.Nf3 b5 8.Bb3 e6
9.Be3 Be7 10.Qe2 Bb7 11.a3 Na5 12.Ba2 b4 13.axb4 Qxb4 14.O-O Bc5 15.f5 O-O
16.fxe6 fxe6 17.Bxc5 Qxc5+ 18.Kh1 Bd5 19.Nxd5 exd5 20.b4 Qxb4 21.Bxd5+ Nxd5
22.Qe6+ Kh8 23.Qxd5 c5 24.Ne5 Qb7 25.Qxc5  1-0

[Event "13th Donau Open"]
[Site "Aschach AUT"]
[Date "2004.12.30"]
[Round "6"]
[White "Mazi,L"]
[Black "Djurkovic,M"]
[Result "1-0"]
[WhiteElo "2401"]
[BlackElo "2150"]

1.e4 d5 2.exd5 Qxd5 3.Nc3 Qd6 4.d4 Nf6 5.Nf3 a6 6.g3 b5 7.Bg2 Bb7 8.O-O e6
9.Bf4 Qb6 10.a4 b4 11.a5 Qa7 12.Bxc7 Bxf3 13.Qxf3 Qxc7 14.Nb5 axb5 15.Qxa8 Nd7
16.a6 Nb6 17.Qb7 Kd7 18.Qxb6 Qxb6 19.a7 Bd6 20.a8=Q Rc8 21.Ra7+ Ke8 22.Be4 Rd8
23.Qb7 Qxb7 24.Rxb7 Na6 25.Bc6+ Kf8 26.Ra1  1-0

[Event "GM"]
[Site "Augsburg GER"]
[Date "2004.12.30"]
[Round "4"]
[White "Arnold,L"]
[Black "Heinzel,O"]
[Result "1-0"]
[WhiteElo "2340"]
[BlackElo "2402"]

1.e4 d5 2.exd5 Qxd5 3.Nc3 Qd6 4.d4 Nf6 5.Nf3 a6 6.g3 b5 7.Bg2 Bb7 8.O-O Nbd7
9.Bf4 Qb6 10.a4 b4 11.a5 Qa7 12.Na4 Nd5 13.Bd2 c5 14.dxc5 Nxc5 15.Ne5 Nxa4
16.Rxa4 Qb8 17.Nxf7  1-0

[Event "Open A"]
[Site "Bethune FRA"]
[Date "2004.12.30"]
[Round "7"]
[White "Afek,Y"]
[Black "Bratanov,Z"]
[Result "1-0"]
[WhiteElo "2322"]
[BlackElo "2448"]

1.e4 d5 2.exd5 Qxd5 3.Nc3 Qd6 4.d4 Nf6 5.Nf3 a6 6.g3 Nc6 7.Bf4 Qd8 8.h3 e6
9.Bg2 Be7 10.O-O O-O 11.Re1 Rb8 12.a4 b5 13.axb5 axb5 14.Ne5 Nxd4 15.Be3 c5
16.Bxd4 cxd4 17.Nc6 Qd6 18.Nxb8 dxc3 19.Nc6 cxb2 20.Ra7 Bd7 21.Nxe7+ Qxe7
22.Qd4 Rc8 23.Qxb2 Qc5 24.Ra8 Rxa8 25.Bxa8 h6 26.Bg2 Bc6 27.Rd1 Bxg2 28.Kxg2 Ne4
29.Rd4 Qf5 30.c3 Ng5 31.Qe2 Qxh3+ 32.Kg1 e5 33.Rd5 Qc8 34.Qd3 e4 35.Rd8+ Kh7
36.Qxe4+ Nxe4 37.Rxc8 g5 38.f3 Nxg3 39.Kf2 Nf5 40.Rc5 Kg6 41.Rxb5 h5 42.c4 g4
43.c5 Ne7 44.c6 Kf6 45.Rb8  1-0

[Event "21st Open"]
[Site "Boeblinger GER"]
[Date "2004.12.30"]
[Round "8"]
[White "Schuh,D"]
[Black "Ziegler,Mi"]
[Result "1/2-1/2"]
[WhiteElo "2261"]
[BlackElo "2145"]

1.e4 d5 2.exd5 Qxd5 3.Nc3 Qd6 4.d4 Nf6 5.Nf3 a6 6.Be3 e6 7.Qd2 Be7 8.Bf4 Qb6
9.Bd3 Nbd7 10.O-O O-O 11.Rfe1 Bb4 12.a3 Bxc3 13.bxc3 c5 14.Ne5 Qa5 15.Nc4 Qa4
16.dxc5 e5 17.Bg3 Qc6 18.Nxe5 Qa4 19.Nc4 Ne8 20.Qg5 Qc6 21.Nd6 Ndf6 22.Be5 Be6
23.Be4 Nxe4 24.Nxe4 f6  1/2-1/2

[Event "112th ch-NZL"]
[Site "Wanganui NZL"]
[Date "2005.01.02"]
[Round "2"]
[White "Van der Hoorn,M"]
[Black "Goodhue,N"]
[Result "1-0"]
[WhiteElo "2133"]
[BlackElo "2092"]

1.e4 d5 2.exd5 Qxd5 3.Nc3 Qd6 4.d4 Nf6 5.Bc4 a6 6.Nge2 Qc6 7.Qd3 Qxg2 8.Rg1 Qxh2
9.Bf4 Qh3 10.Rg3 Qd7 11.d5 b5 12.Nxb5 axb5 13.Bxb5 c6 14.dxc6 Qxd3 15.Rxd3 e5
16.Bxe5 Be7 17.Bxf6 Bxf6 18.c7+ Nd7 19.Re3+ Kf8 20.Rd1 g6 21.Bxd7 Kg7 22.Nf4 Rxa2
23.Bxc8 Rxc8 24.Rd7 Rxb2 25.Ne6+ Kg8 26.Nd8 Bg5 27.Re8+ Kg7 28.Ne6+ Kf6 29.Rxc8 Kxe6
30.Re8+  1-0

[Event "HSK IM"]
[Site "Hamburg GER"]
[Date "2005.01.08"]
[Round "9"]
[White "Langrock,H"]
[Black "Kopylov,M"]
[Result "1/2-1/2"]
[WhiteElo "2402"]
[BlackElo "2430"]


1.e4 d5 2.exd5 Qxd5 3.Nc3 Qd6 4.d4 Nf6 5.Nf3 a6 6.g3 b5 7.Bg2 Bb7 8.O-O e6
9.Ne5 Bxg2 10.Kxg2 c5 11.Qf3 Ra7 12.Bf4 Qb6 13.d5 exd5 14.Nxd5 Nxd5 15.Qxd5 Qb7
16.Rad1 f6 17.Nf3 Qxd5 18.Rxd5 Rd7 19.Re1+ Kf7 20.Rxd7+ Nxd7 21.Rd1 Ke6 22.Re1+ Kf7
23.Rd1 Ke6 24.Re1+  1/2-1/2

[Event "TCh-BEL 2004-5"]
[Site "Belgium BEL"]
[Date "2005.01.09"]
[Round "6"]
[White "Dardha,A"]
[Black "Van der Linde,Ma"]
[Result "1-0"]
[WhiteElo "2244"]
[BlackElo "2225"]

1.e4 d5 2.exd5 Qxd5 3.Nc3 Qd6 4.d4 Nf6 5.Nf3 a6 6.Bg5 Nbd7 7.Qd2 e6 8.Bd3 Be7
9.Bf4 Qb6 10.O-O O-O 11.Rfe1 Re8 12.Rad1 c5 13.Na4 Qc6 14.Nxc5 Bxc5 15.dxc5 Nxc5
16.Ne5 Qb6 17.Bh6 Nxd3 18.Qxd3 gxh6 19.Qf3 Kg7 20.Qg3+ Kf8 21.Qh4 Ng8 22.Rd7 Re7
23.Rxe7 Nxe7 24.Qf6  1-0

[Event "TCh-BEL 2004-5"]
[Site "Belgium BEL"]
[Date "2005.01.09"]
[Round "6"]
[White "Lemmers,O"]
[Black "Motwani,P"]
[Result "1/2-1/2"]
[WhiteElo "2401"]
[BlackElo "2544"]

1.e4 d5 2.exd5 Qxd5 3.Nc3 Qd8 4.d4 Nf6 5.Nf3 e6 6.Bd3 c5 7.dxc5 Nbd7 8.O-O Nxc5
9.Bb5+ Bd7 10.Qe2 a6 11.Bxd7+ Ncxd7 12.Bg5 Be7 13.Rad1 Qc7 14.Ne4  1/2-1/2

[Event "Extraliga CZE 2004-5"]
[Site "Czech Rep CZE"]
[Date "2005.01.15"]
[Round "5"]
[White "Oral,T"]
[Black "Nedela,V"]
[Result "1-0"]
[WhiteElo "2552"]
[BlackElo "2374"]

1.e4 d5 2.exd5 Qxd5 3.Nc3 Qd6 4.d4 c6 5.Bc4 Nf6 6.Nge2 Be6 7.Bf4 Qd7 8.Bxe6 Qxe6
9.Qd3 Nbd7 10.O-O-O Nb6 11.Rhe1 O-O-O 12.Ng1 Qg4 13.Bg3 e6 14.Nf3 Bd6 15.Ne5 Qh5
16.Kb1 Rhf8 17.Ne4 Bxe5 18.Bxe5 Nxe4 19.Qxe4 f6 20.Bg3 Rfe8 21.f3 Qf5 22.Qe2 Qb5
23.Rd3 Na4 24.b3 Rxd4 25.Ka1 Qa5 26.bxa4 Rxa4 27.c3 e5 28.Red1 h5 29.h4 e4
30.Re3 f5 31.Qd2 Re7 32.fxe4 fxe4 33.Rf1 b5 34.Rf2 Re6 35.Rf8+ Kb7 36.Qd7+  1-0

[Event "Open"]
[Site "Prague CZE"]
[Date "2005.01.16"]
[Round "4"]
[White "Priborsky,J"]
[Black "Popchev,M"]
[Result "1/2-1/2"]
[WhiteElo "2305"]
[BlackElo "2442"]

1.e4 d5 2.exd5 Qxd5 3.Nc3 Qd8 4.d4 Nf6 5.Bg5 c6 6.Qd2 Be6 7.Nf3 Nbd7 8.a4 h6
9.Bf4 g5 10.Be3 Bg7 11.Be2 Ng4 12.O-O-O Qa5 13.Kb1 Nb6 14.b3 O-O-O 15.h3 Nxe3
16.fxe3 Qb4 17.Ne1 Qa3 18.Nd3 Kb8 19.Qc1 Qxc1+ 20.Kxc1 Bc8 21.g4 e6 22.Bf3 f5
23.a5 Nd5 24.Nxd5 exd5 25.Kd2 Kc7 26.Rhf1 Rhf8 27.gxf5 Rxf5 28.Bg4 Rxf1 29.Rxf1 Rf8
30.Rxf8 Bxf8 31.Ne5 h5 32.Bxc8 Kxc8 33.a6 Bd6  1/2-1/2